• 首页
  • 本馆介绍
  • 公告通知
  • 最新文献
  • 馆藏检索
  • 电子资源
  • 读者导购
  • 参考咨询
  • 我的图书馆
  • 登录
  • 详细信息显示
  • 放入我的书架
  • 预约/预借图书
  • 作者相关作品
  • 分类相关作品
  • 丛书相关作品
  • 出版社相关作品

书目信息

  • 表格格式
  • 工作单格式
  • 卡片格式
题名:
刘邓大军风云录
    
 
作者: 杨国宁 , 陈斐琴 , 王伟 , 李鞍明 编
分册: 下册  
出版信息: 北京   北京日报出版社  1983.09
页数: 229页
开本: 20cm
丛书名:
单 册:
中图分类: K266.6
科图分类:
主题词: 中国--历史
电子资源:
ISBN:
000 00657nam0 2200241 45
001 0210160863
005 20040518095610.3
010    @dCNY1.15
091    @a10132.021
100    @a20021016d1983 km y0chiy0120 ea
101 0  @achi
105    @a z 000yy
200 1  @a刘邓大军风云录@ALiu Deng Da Jun Feng Yun Lu@h下册@f杨国宁等编@FYang Guo Ning Deng Bian
210    @a北京@c北京日报出版社@d1983.09
215    @a229页@d20cm
606 0  @a中国@x历史
690    @aK266.6@v3
701  0 @a杨国宁@4编
701  0 @a陈斐琴@4编
701  0 @a王伟@4编
701  0 @a李鞍明@4编
801    @aCN@bTSTC@c20021016
905    @dK266.6@e11:2@f2@b145997-998@f1@b145995
    
    刘邓大军风云录.下册/杨国宁等编.-北京:北京日报出版社,1983.09
    229页;20cm
    
    
    ISBN :CNY1.15
    
●
相关链接 在E读中查询图书 在五车中查询图书 在当当中查询图书 在豆瓣中查询图书


正题名:刘邓大军风云录     索取号:K266.6/11:2         预约/预借

序号 登录号 条形码 馆藏地/架位号 状态 备注
1 0108189   001716432   密集书库/ [索取号:K266.6/11:2] 在馆    
2 0108190   001716478   密集书库/ [索取号:K266.6/11:2] 在馆    
3 0108191   001716209   密集书库/ [索取号:K266.6/11:2] 在馆    
4 0144996   001716398   密集书库/ [索取号:K266.6/11:2] 在馆    
5 0144999   202111320   第二样本阅览室/ [索取号:K266.6/11:2] 在馆    
6 0145995   000354020   第二借阅区/ [索取号:K266.6/11:2] 在馆    
7 0145997   000354048   第二借阅区/ [索取号:K266.6/11:2] 在馆    
8 0145998   000354011   第二借阅区/ [索取号:K266.6/11:2] 在馆    
唐山师范学院图书馆 欢迎您!
大连网信软件有限公司© 版权所有